000 00449cam a2200181ua 4500
020 _c2.75
041 _ahin
_h
082 _a891.54
_bLAK/HI
100 _aLakshmi Chand , Khurana .
245 _aHindi gadya ratnavali /
_cLakshmi Chand Khurana.
_hTextual Documents
250 _a1 /
_b.
260 _aNew Delhi :
_bNational Publishing House.
300 _a127 ; .
365 _a2.75
504 _a
942 _cBK
999 _c6379
_d6379